01374cam a22003131 4500001001300000003000400013005001700017008004100034010001700075035001900092040002500111050002300136100004200159245009200201260004800293300009500341490005100436500008400487501016700571504003100738500005200769650004000821650004100861650003600902700004300938710003400981710002801015999001701043gs 45000006 DLC20260227111350.0791004s1945 dcua 000 0 eng  ags 45000006  a(OCoLC)5466953 aDLCcTxEdOCoLCdDLC00aTC801b.U2 no. 9191 aSayre, A. N.q(Albert Nelson),d1901-10aGround-water resources of the El Paso area, Texas,cby A. N. Sayre and Penn Livingston. aWashington,bU.S. Govt. Print. Off.,c1945. avi, 190 p.bincl. illus., tables. 16 pl. (part fold. incl. maps, diagrs.) on 11 l.c23 cm.0 aU.S. Geological survey; water-supply paper 919 aAt head of title: United States Dept. of the Interior ... Geological Survey ... aWith : Utilization of surface-water resources of Sevier Lake basin, Utah. Washington : U.S. Govt. Print. Off.,1947. Bound together subsequent to publication.5DLC aBibliographical footnotes. aThree folded maps and folded diagram in pocket. 0aGroundwaterzTexaszEl Paso Region. 0aWater-supplyzTexaszEl Paso Region. 0aGeologyzTexaszEl Paso Region.1 aLivingston, Pennq(Penn Poore),d1899-1 aEl Paso (Tex.).bWater Board.2 aTexas Water Commission. c28007d28007